| 000 | 00469nam a2200169Ia 4500 | ||
|---|---|---|---|
| 999 |
_c7599 _d7599 |
||
| 003 | OSt | ||
| 005 | 20200122145335.0 | ||
| 008 | 190216s9999||||xx |||||||||||||| ||und|| | ||
| 020 | _a8187125446 | ||
| 040 | _coclc | ||
| 082 |
_a658.3 _bYUV/H |
||
| 100 |
_aYuvaraj, S _91373 |
||
| 245 | 0 |
_aHuman Resource Development / _cS Yuvaraj |
|
| 260 |
_bVrinda Publications, _c2008. _aDelhi: |
||
| 300 | _a300p | ||
| 942 |
_cBK _2ddc _h658.3 _iYUV/H _k658.3 _mYUV/H |
||